000 00355nam a22000977a 4500
082 _a624.15136
_bTEC
110 _aGOV.
_942988
245 _aTech Data Ttarbala Dam,Design and construction of Simly dam; Khanpur Dam, site selection Kala Bagh Dam.
_bproceedings 12th intl conf on soil Mech.
526 _a0
_b0
_c0
_d624_151360000000000_TEC
942 _2ddc
_cBK
999 _c546797
_d546797